[Event "Verona-chT Serie C/9 51st"]
[Site "Verona"]
[Date "2019.03.17"]
[Round "5.4"]
[White "Steccanella, Willy"]
[Black "Tivelli, Massimiliano"]
[Result "1-0"]
[WhiteElo "1861"]
[BlackElo "1787"]
[PlyCount "66"]
[EventDate "2019.03.15"]
[EventType "team-tourn"]
[EventRounds "5"]
[EventCountry "ITA"]
[SourceTitle "EXT 2022"]
[Source "ChessBase"]
[SourceDate "2021.10.06"]
[SourceVersion "1"]
[SourceVersionDate "2021.10.06"]
[SourceQuality "1"]
[WhiteTeam "Verona S Bonifacio Cavalli Pazzi"]
[BlackTeam "Vicenza II"]
[WhiteTeamCountry "ITA"]
[BlackTeamCountry "ITA"]

1. e4 d6 2. d4 Nf6 3. Nc3 Nbd7 4. Bc4 e5 5. Nf3 Be7 6. 0-0 0-0 7. Bb3 c6 8. a4 a5 9. Be3 Qc7 10. h3 Nb6 11. dxe5 dxe5 12. Nxe5 Qxe5 13. Bxb6 Bc5 14. Bxc5 Qxc5 15. Qf3 Be6 16. Bxe6 fxe6 17. Qe2 Qb4 18. Rad1 Rae8 19. Rd3 Rf7 20. b3 Qc5 21. Rf3 Rd7 22. e5 Nd5 23. Ne4 Qe7 24. c4 Nb4 25. Rg3 Kh8 26. Qh5 Rf8 27. Nd6 Na6 28. Rd1 c5 29. Rdd3 Nb8 30. Rdf3 Rxf3 31. Rxf3 g6 32. Qh6 Rd8 33. Nf7+ Kg8 1-0